Statistiques concernant Devinez les villes cachées derrière le décor de Noël sur la Carte !

Cliquez ici pour prendre le quiz!

Statistiques générales

  • Ce quiz a été pris 280 fois
  • Le résultat moyen est 15 sur 36

Réponses sur la Carte

Les réponses sont colorées sur une échelle allant du rouge au vert en fonction du pourcentage des utilisateurs qui les ont devinées à leur premier essai. Vous pouvez retrouver ces pourcentages ci-dessous.
 

Statistiques - réponses

IllustrationsVilles% Correct
4Sapin de NoëlMexico
77%
6PoinsettiasStockholm
76%
5CadeauxBrasilia
71%
5CadeauxLima
70%
2TraineauLe Cap
69%
7JeppySeattle
66%
4Boule JauneBogota
65%
2Etoiles du TraineauAntananarivo
59%
1Père NoëlMadrid
57%
3SapinsDelhi
56%
4Etoile du SapinToronto
56%
8CarotteTaipei
54%
8RenneShanghai
53%
2Etoiles du TraineauDacca
52%
4Boule BleueLa Havane
51%
5CadeauxBucarest
48%
1SnowboardLagos
47%
3SapinsAstana
44%
5CadeauxKhartoum
39%
2HotteWindhoek
39%
6PoinsettiasAnchorage
37%
5CadeauxAuckland
36%
4GuirlandesAtlanta
35%
2Etoiles du TraineauVictoria
35%
6PoinsettiasBakou
32%
8EtoileNuuk
32%
2Etoiles du TraineauBangalore
24%
8BonnetBrisbane
22%
6PoinsettiasSapporo
21%
4Boule RougeCharlotte
20%
3SapinsÜrümqi
19%
4GuirlandesSaint-Domingue
17%
3SapinsEkaterinbourg
12%
4GuirlandesGuayaquil
10%
4Boule RosePort d'Espagne
10%
8MaisonsPunta Arenas
3%

Distribution des résultats

Percentile par nombre de réponses

% des personnes avec chaque résultat

Votre développement - résultats

Vous n’avez pas pris ce quiz